000 00566cam a22002053a 4500
001 39551
003 PGUSA
005 20140828083858.0
008 120428s2012||||xxu|||||s|||||000 | eng d
040 _aPGUSA
_beng
042 _adc
100 1 _aTufts, James Hayden,
_d1862-1942
245 1 0 _aEthics
_h[electronic resource] /
_cJames Hayden Tufts
260 _bProject Gutenberg,
_c2012
506 _aPublic domain in the USA.
516 _aElectronic text
830 0 _aProject Gutenberg
_v39551
856 4 0 _uhttp://www.gutenberg.org/ebooks/39551
942 _cEB
999 _c268804
_d268804